[Event "Lublin"]
[Site "Lublin"]
[Date "2011.??.??"]
[Round "1.1"]
[White "Sawicki, Wojciech"]
[Black "Stoma, Pawel"]
[Result "0-1"]
[WhiteElo "1762"]
[BlackElo "2316"]
[PlyCount "44"]
[EventDate "2011.??.??"]

1. e4 c5 2. d4 cxd4 3. c3 dxc3 4. Nxc3 Nc6 5. Nf3 d6 6. Bc4 Nf6 7. e5 Ng4 8. e6
Bxe6 9. Bxe6 fxe6 10. Ng5 Nf6 11. O-O Qd7 12. Re1 e5 13. Qb3 d5 14. f4 e6 15.
Be3 Be7 16. fxe5 Ng4 17. Nxe6 Qxe6 18. Nxd5 Qxe5 19. Bf4 Qd4+ 20. Be3 Nxe3 21.
Nc7+ Kd7 22. Rad1 Nxd1+ 0-1

[Event "Lublin"]
[Site "Lublin"]
[Date "2011.??.??"]
[Round "1.2"]
[White "Praszak, Michal"]
[Black "Krasowski, Piotr"]
[Result "1-0"]
[WhiteElo "2170"]
[BlackElo "1758"]
[PlyCount "58"]
[EventDate "2011.??.??"]

1. d4 c6 2. c4 d5 3. Nf3 Nf6 4. Nc3 Bf5 5. Qb3 a5 6. cxd5 cxd5 7. Qxb7 Ra6 8.
Nb5 Rc6 9. Bf4 e5 10. Nxe5 Bb4+ 11. Nc3 Rc7 12. Qb5+ Nfd7 13. Rc1 O-O 14. Nxd7
Bxd7 15. Bxc7 Qg5 16. f4 Qe7 17. Qd3 Nc6 18. a3 Bg4 19. Be5 f6 20. axb4 Nxb4
21. Qb5 fxe5 22. Nxd5 Qf7 23. Nxb4 axb4 24. e3 Kh8 25. Bc4 Qg6 26. O-O Bh3 27.
Rf2 Bf5 28. Bd5 e4 29. Qc6 Qh5 1-0

[Event "Lublin"]
[Site "Lublin"]
[Date "2011.??.??"]
[Round "1.3"]
[White "Chlewinski, Artur"]
[Black "Dymek, Lukasz"]
[Result "0-1"]
[WhiteElo "1735"]
[BlackElo "2095"]
[PlyCount "82"]
[EventDate "2011.??.??"]

1. f4 d5 2. Nf3 Nf6 3. b3 g6 4. Bb2 Bg7 5. e3 O-O 6. Be2 c5 7. Na3 Nc6 8. d3
Ng4 9. Bxg7 Kxg7 10. Qd2 Nxe3 11. Qxe3 Qa5+ 12. c3 Qxa3 13. O-O Qa5 14. d4 cxd4
15. cxd4 Bf5 16. a3 Qb6 17. b4 a6 18. Rac1 Be4 19. Rc5 Bxf3 20. Bxf3 e6 21. g4
Qd8 22. g5 Rh8 23. Rfc1 Qd6 24. Bg4 h6 25. h3 hxg5 26. fxg5 Rae8 27. Rf1 Rhf8
28. Qf3 Qe7 29. Qf6+ Qxf6 30. gxf6+ Kh6 31. b5 Nxd4 32. bxa6 bxa6 33. h4 Nf5
34. Rfc1 Nxh4 35. Rc7 Kg5 36. Be2 a5 37. Bb5 Rb8 38. a4 Kxf6 39. Ra7 Nf3+ 40.
Kf2 Nd4 41. Rxa5 Nb3 0-1

[Event "Lublin"]
[Site "Lublin"]
[Date "2011.??.??"]
[Round "1.4"]
[White "Pawelec, Bartosz"]
[Black "Wesolowska, Katarzyna"]
[Result "1-0"]
[WhiteElo "2074"]
[BlackElo "1724"]
[PlyCount "53"]
[EventDate "2011.??.??"]

1. e4 e6 2. d4 d5 3. Nd2 Nf6 4. e5 Nfd7 5. f4 c5 6. c3 Nc6 7. Ndf3 Qb6 8. g3
cxd4 9. cxd4 Be7 10. Kf2 f6 11. Kg2 fxe5 12. fxe5 Nf8 13. a3 Bd7 14. b4 a6 15.
Rb1 Na7 16. Bd3 O-O-O 17. Ne2 h6 18. h4 Kb8 19. Bd2 Bb5 20. Bxb5 Qxb5 21. a4
Qb6 22. b5 axb5 23. axb5 Re8 24. Qa4 Qd8 25. Ra1 Nc8 26. Qa8+ Kc7 27. Rhc1+ 1-0

[Event "Lublin"]
[Site "Lublin"]
[Date "2011.??.??"]
[Round "1.5"]
[White "Golawski, Hubert"]
[Black "Lipski, Tadeusz"]
[Result "0-1"]
[WhiteElo "1674"]
[BlackElo "2039"]
[PlyCount "88"]
[EventDate "2011.??.??"]

1. e4 e5 2. Nf3 f5 3. d3 Nc6 4. Nc3 Bb4 5. Bd2 Nf6 6. Be2 d6 7. h3 Bxc3 8. Bxc3
fxe4 9. Ng5 Bf5 10. dxe4 Nxe4 11. Nxe4 Bxe4 12. f3 Qh4+ 13. Kf1 Rf8 14. Be1 Qf6
15. Kg1 Bf5 16. Bc3 O-O-O 17. Bb5 Nd4 18. Bd3 Kb8 19. a4 Ne6 20. b4 Nf4 21. Qd2
Qg6 22. Rd1 Bxd3 23. cxd3 Rf5 24. Kh2 Rg5 25. Rhg1 Rh5 26. d4 Qe6 27. Kg3 Rf8
28. dxe5 Nxh3 29. Qd3 Rg5+ 30. Kh2 Nf4 31. Qxh7 Rh5+ 32. Qxh5 Nxh5 33. Rge1 d5
34. Bd4 Qg6 35. e6 Qg3+ 36. Kg1 Nf4 37. Re2 Nxe2+ 38. Kf1 Nxd4 39. Rxd4 Rxf3+
40. gxf3 Qxf3+ 41. Ke1 Qe3+ 42. Kf1 Qxd4 43. e7 Qf6+ 44. Kg2 Qxe7 0-1

[Event "Lublin"]
[Site "Lublin"]
[Date "2011.??.??"]
[Round "1.6"]
[White "Kazubek, Krzysztof"]
[Black "Rastropin, Yuriy"]
[Result "1/2-1/2"]
[WhiteElo "1994"]
[BlackElo "1624"]
[PlyCount "88"]
[EventDate "2011.??.??"]

1. e4 c5 2. Nc3 Nc6 3. g3 g6 4. Bg2 Bg7 5. d3 e6 6. f4 Nge7 7. Nf3 O-O 8. O-O
a6 9. Be3 b6 10. e5 d5 11. exd6 Qxd6 12. Ne4 Qc7 13. c3 Nf5 14. Bf2 Bb7 15. Qe2
Rad8 16. g4 Nd6 17. Bh4 f6 18. Nfd2 Kh8 19. Rad1 Na5 20. Nxd6 Bxg2 21. Qxg2
Rxd6 22. Ne4 Rd7 23. f5 exf5 24. gxf5 g5 25. Bg3 Qd8 26. Qf3 Nc6 27. Nxc5 bxc5
28. Qxc6 Rxd3 29. Rxd3 Qxd3 30. Qxc5 Rd8 31. Re1 h5 32. Qe7 h4 33. Bf2 Rb8 34.
Bd4 Qxf5 35. b4 h3 36. Qe4 Qd7 37. Rf1 Re8 38. Qf3 g4 39. Qf4 Qe6 40. Bxf6 Qxf6
41. Qxf6 Bxf6 42. Rxf6 Re2 43. Rf2 Re1+ 44. Rf1 Re2 1/2-1/2

[Event "Lublin"]
[Site "Lublin"]
[Date "2011.??.??"]
[Round "1.7"]
[White "Havryshkevich, Anna-maria"]
[Black "Wojcieszyn, Zdzislaw"]
[Result "1/2-1/2"]
[WhiteElo "1614"]
[BlackElo "1983"]
[PlyCount "109"]
[EventDate "2011.??.??"]

1. d4 d5 2. Nf3 Nf6 3. c4 c6 4. Nc3 e6 5. Bg5 Nbd7 6. e3 Bb4 7. a3 Bxc3+ 8.
bxc3 Qa5 9. Qc2 Ne4 10. Rc1 Qxa3 11. Bd3 Nxg5 12. Nxg5 h6 13. Nf3 Nf6 14. O-O
Qe7 15. cxd5 exd5 16. c4 O-O 17. cxd5 Nxd5 18. Bc4 Be6 19. Ne5 Nb4 20. Qb3 Bxc4
21. Qxc4 a5 22. Ng6 Qe6 23. Qxe6 fxe6 24. Nxf8 Kxf8 25. Rb1 Ke7 26. Rfc1 Kd6
27. g3 b6 28. Kf1 c5 29. dxc5+ bxc5 30. Rc3 a4 31. Rd1+ Kc6 32. Rdc1 Ra5 33.
Rc4 Kb6 34. Re4 a3 35. Rxe6+ Kb5 36. Re5 Kc6 37. Re7 a2 38. Rxg7 a1=Q 39. Rg6+
Kd5 40. Rxa1 Rxa1+ 41. Ke2 Ra6 42. Rxa6 Nxa6 43. Kd3 Nb4+ 44. Kc3 Nc6 45. f4 h5
46. e4+ Kxe4 47. Kc4 Ne7 48. Kxc5 Nf5 49. Kc6 Ne3 50. Kd6 Nf1 51. Ke6 Nxh2 52.
f5 Ng4 53. f6 Ne5 54. f7 Ng6 55. Kf6 1/2-1/2

[Event "Lublin"]
[Site "Lublin"]
[Date "2011.??.??"]
[Round "1.8"]
[White "Krzyzanowski, Wojciech"]
[Black "Maik, Marcin"]
[Result "1-0"]
[WhiteElo "1980"]
[BlackElo "1583"]
[PlyCount "57"]
[EventDate "2011.??.??"]

1. d4 Nf6 2. c4 e6 3. Nc3 d5 4. Nf3 b6 5. Bg5 Be7 6. e3 Bb7 7. Bxf6 Bxf6 8.
cxd5 exd5 9. Bd3 O-O 10. b4 Nd7 11. b5 Be7 12. Qb3 Nf6 13. O-O Re8 14. Ne5 Qd6
15. Ne4 Nxe4 16. Bxe4 dxe4 17. Qxf7+ Kh8 18. Qh5 Bd5 19. Rac1 Rf8 20. Rxc7 Qxc7
21. Ng6+ Kg8 22. Qxd5+ Rf7 23. Qxa8+ Bd8 24. Ne5 Rf6 25. Qd5+ Kh8 26. g3 Rf5
27. Kg2 Bg5 28. Rc1 Qe7 29. Rc8+ 1-0

[Event "Lublin"]
[Site "Lublin"]
[Date "2011.??.??"]
[Round "1.9"]
[White "Gorecki, Jaroslaw"]
[Black "Wesolowski, Edgar"]
[Result "1-0"]
[WhiteElo "1568"]
[BlackElo "1977"]
[PlyCount "45"]
[EventDate "2011.??.??"]

1. e4 c5 2. d4 cxd4 3. c3 d5 4. exd5 Qxd5 5. Nf3 Bg4 6. Be2 e5 7. O-O Nc6 8.
cxd4 e4 9. Nc3 exf3 10. Nxd5 fxe2 11. Re1 O-O-O 12. Qb3 Be6 13. Rxe2 Rxd5 14.
Be3 Bd6 15. g3 Nf6 16. f3 Rf5 17. Qa4 Rxf3 18. Rc1 Kb8 19. Rxc6 Bd7 20. d5 Rxe3
21. Rxe3 Bc5 22. Qf4+ Ka8 23. Rxc5 1-0

[Event "Lublin"]
[Site "Lublin"]
[Date "2011.??.??"]
[Round "1.10"]
[White "Bien, Janusz"]
[Black "Paluch, Andrzej"]
[Result "1-0"]
[WhiteElo "1977"]
[BlackElo "1534"]
[PlyCount "85"]
[EventDate "2011.??.??"]

1. e4 c6 2. c4 d5 3. cxd5 cxd5 4. exd5 Nf6 5. Qa4+ Bd7 6. Qb3 Qc7 7. Nc3 a6 8.
a4 Bf5 9. Bc4 Bc2 10. Qxc2 Qxc4 11. d3 Qc7 12. Nf3 Nxd5 13. O-O e6 14. Qb3 Nb4
15. d4 Be7 16. Bg5 N8c6 17. Bxe7 Qxe7 18. a5 O-O 19. Ne4 Rfd8 20. Rfd1 Rac8 21.
h3 Qc7 22. Ra4 Nd5 23. Nc5 Rb8 24. Qa3 Rdc8 25. Nd3 h6 26. Rc4 Qxa5 27. Rxc6
Qxa3 28. Rxc8+ Rxc8 29. bxa3 b5 30. Rc1 Rc3 31. Rxc3 Nxc3 32. Nb4 Nb1 33. Nc2
Kf8 34. Kf1 Ke7 35. Ke2 Kd6 36. Kd3 Kc6 37. Ne5+ Kb6 38. Nxf7 a5 39. Nd8 Nxa3
40. Nxa3 b4 41. Nc4+ Kb5 42. Nxe6 g6 43. d5 1-0

[Event "Lublin"]
[Site "Lublin"]
[Date "2011.??.??"]
[Round "2.1"]
[White "Stoma, Pawel"]
[Black "Krzyzanowski, Wojciech"]
[Result "1-0"]
[WhiteElo "2316"]
[BlackElo "1980"]
[PlyCount "53"]
[EventDate "2011.??.??"]

1. e4 c5 2. d4 cxd4 3. c3 d3 4. c4 e6 5. Nc3 Nc6 6. Bxd3 g6 7. Bf4 a6 8. Nf3
Bg7 9. e5 Qa5 10. O-O Nxe5 11. Nxe5 Bxe5 12. b4 Qc7 13. Nd5 Qb8 14. Bxe5 Qxe5
15. Nb6 Rb8 16. Re1 Qd4 17. c5 Qxb4 18. Rb1 Qxc5 19. Qd2 Ne7 20. Qf4 Nc6 21.
Qc7 Ke7 22. Bc4 Kf6 23. Rbc1 Qf5 24. Bb3 Qa5 25. Ba4 Qb4 26. Bxc6 dxc6 27. Qxb8
1-0

[Event "Lublin"]
[Site "Lublin"]
[Date "2011.??.??"]
[Round "2.2"]
[White "Chwalewski, Marek"]
[Black "Praszak, Michal"]
[Result "1-0"]
[WhiteElo "1931"]
[BlackElo "2170"]
[PlyCount "93"]
[EventDate "2011.??.??"]

1. Nf3 b6 2. d4 Bb7 3. c4 Nf6 4. Nc3 e6 5. Bg5 h6 6. Bxf6 Qxf6 7. e4 Bb4 8. e5
Qg6 9. Be2 c5 10. a3 Ba5 11. O-O cxd4 12. Nb5 O-O 13. b4 Nc6 14. bxa5 Nxe5 15.
Nbxd4 Rac8 16. Qb3 Ba8 17. Rfe1 bxa5 18. Bf1 Nxf3+ 19. Nxf3 f6 20. Rad1 Rc7 21.
Nd4 Rfc8 22. Qg3 Qxg3 23. hxg3 a6 24. a4 g6 25. Nb3 Rb8 26. Rb1 Rcb7 27. Nd2
Rb4 28. Rxb4 axb4 29. a5 Kf7 30. Rb1 d6 31. Bd3 f5 32. f3 Kf6 33. Kf2 g5 34.
Bc2 Bc6 35. Rh1 Kg7 36. Nb3 Ba4 37. Ra1 Be8 38. Nd4 Kf6 39. Rh1 h5 40. Re1 Bd7
41. Rh1 Be8 42. Rd1 Rc8 43. Bb3 Bg6 44. Nc2 d5 45. cxd5 exd5 46. Nxb4 Rb8 47.
Nxd5+ 1-0

[Event "Lublin"]
[Site "Lublin"]
[Date "2011.??.??"]
[Round "2.3"]
[White "Dymek, Lukasz"]
[Black "Bien, Janusz"]
[Result "1-0"]
[WhiteElo "2095"]
[BlackElo "1977"]
[PlyCount "95"]
[EventDate "2011.??.??"]

1. e4 e6 2. f4 d5 3. Nc3 dxe4 4. Nxe4 Nd7 5. Nf3 Ngf6 6. d3 Be7 7. g3 b6 8. Bg2
Bb7 9. Qe2 O-O 10. Nf2 c5 11. O-O Qc7 12. Bd2 Rac8 13. Rae1 c4 14. d4 b5 15. c3
a5 16. Ne5 Bxg2 17. Kxg2 Qb7+ 18. Kg1 Bd6 19. g4 Rfe8 20. Nh3 Nd5 21. Qe4 f6
22. Nf3 Qc6 23. Rf2 N7b6 24. Qc2 b4 25. g5 bxc3 26. bxc3 Qa4 27. Qb1 f5 28.
Rfe2 Qd7 29. Ne5 Bxe5 30. Rxe5 Na4 31. Qc1 g6 32. Qa3 Rb8 33. Nf2 Rb2 34. R1e2
Rc2 35. Nd1 Qc6 36. Kf2 Kf7 37. h4 Rxd2 38. Rxd2 Nxf4 39. Kg1 Rb8 40. d5 Qb6+
41. Kf1 Nc5 42. dxe6+ Nfxe6 43. Rdd5 Rd8 44. Rxd8 Qxd8 45. Nf2 Nd3 46. Rxa5
Nxf2 47. Ra7+ Kg8 48. Ra8 1-0

[Event "Lublin"]
[Site "Lublin"]
[Date "2011.??.??"]
[Round "2.5"]
[White "Lipski, Tadeusz"]
[Black "Czerw, Dawid"]
[Result "1/2-1/2"]
[WhiteElo "2039"]
[BlackElo "1837"]
[PlyCount "57"]
[EventDate "2011.??.??"]

1. d4 f5 2. g4 fxg4 3. h3 g3 4. fxg3 Nf6 5. Nc3 e6 6. e4 d6 7. Bd3 Nc6 8. Nf3
Be7 9. Be3 a6 10. Qe2 Nb4 11. O-O-O Nxd3+ 12. cxd3 O-O 13. g4 b5 14. Qg2 b4 15.
Ne2 c5 16. Kb1 Qa5 17. Nd2 Bd7 18. Rc1 Bb5 19. Nc4 Qd8 20. g5 Ne8 21. d5 exd5
22. exd5 Bd7 23. h4 Bf5 24. Rcd1 Rb8 25. Ng3 Bc8 26. Rhe1 Bg4 27. Rd2 Bf3 28.
Qh3 Bxd5 29. Bg1 1/2-1/2

[Event "Lublin"]
[Site "Lublin"]
[Date "2011.??.??"]
[Round "2.6"]
[White "Wojcieszyn, Zdzislaw"]
[Black "Gorecki, Jaroslaw"]
[Result "1-0"]
[WhiteElo "1983"]
[BlackElo "1568"]
[PlyCount "121"]
[EventDate "2011.??.??"]

1. c4 Nf6 2. d4 g6 3. Nc3 d5 4. cxd5 Nxd5 5. Qb3 Nxc3 6. bxc3 Bg7 7. Nf3 O-O 8.
g3 c5 9. Be3 Qa5 10. Bd2 Qc7 11. Bf4 Qa5 12. Bd2 Qc7 13. Bf4 Qa5 14. Bd2 Qc7
15. Bg2 Nc6 16. Rc1 Na5 17. Qa3 Nc4 18. Qxc5 Qxc5 19. dxc5 e5 20. e4 Rd8 21.
Bf1 Nb2 22. Rc2 Nd3+ 23. Bxd3 Rxd3 24. Ke2 Rd8 25. Rb2 Rb8 26. c6 Rd6 27. cxb7
Bxb7 28. Rhb1 Ba6+ 29. Ke1 Rdb6 30. Rxb6 Rxb6 31. Rxb6 axb6 32. Be3 b5 33. Bc5
f6 34. Kd2 Kf7 35. Ne1 Bh6+ 36. Kc2 Ke6 37. f3 f5 38. Nd3 Bb7 39. Nf2 Bg5 40.
Kd3 Ba6 41. Bb4 Bd8 42. Bc5 Ba5 43. Kd2 Bb7 44. Kc2 Bc7 45. Kb3 Ba6 46. Kb4 Kd7
47. Bf8 Ke6 48. Bc5 Kd7 49. g4 Ke6 50. Be3 f4 51. Ba7 h5 52. gxh5 gxh5 53. Nd3
Kf6 54. Bf2 Ke7 55. Bh4+ Ke8 56. Bf6 Bb6 57. Bxe5 Be3 58. Nxf4 h4 59. Nd5 Bd2
60. Nc7+ Ke7 61. Nxa6 1-0

[Event "Lublin"]
[Site "Lublin"]
[Date "2011.??.??"]
[Round "2.7"]
[White "Rastropin, Yuriy"]
[Black "Havryshkevich, Anna-maria"]
[Result "1-0"]
[WhiteElo "1624"]
[BlackElo "1614"]
[PlyCount "61"]
[EventDate "2011.??.??"]

1. Nf3 d5 2. d4 c5 3. c4 e6 4. Nc3 dxc4 5. e3 Nc6 6. Bxc4 cxd4 7. exd4 Bd6 8.
Qe2 Nge7 9. O-O O-O 10. Bg5 Qa5 11. Nb5 Bb8 12. Rfd1 a6 13. Nc3 b5 14. Bb3 Bb7
15. d5 Nxd5 16. Nxd5 exd5 17. Bxd5 h6 18. Qe4 Qc7 19. Bxh6 gxh6 20. Qg6+ Kh8
21. Qxh6+ Kg8 22. Qg5+ Kh8 23. Qh6+ Kg8 24. g3 Bc8 25. Qg6+ Kh8 26. Qf6+ Kg8
27. Bxc6 Bb7 28. Rd5 Rc8 29. Qg5+ Kf8 30. Qh6+ Ke7 31. Re1+ 1-0

[Event "Lublin"]
[Site "Lublin"]
[Date "2011.??.??"]
[Round "2.8"]
[White "Wesolowski, Edgar"]
[Black "Kazubek, Krzysztof"]
[Result "1-0"]
[WhiteElo "1977"]
[BlackElo "1994"]
[PlyCount "87"]
[EventDate "2011.??.??"]

1. c4 e5 2. Nc3 Nc6 3. Nf3 g6 4. d4 exd4 5. Nxd4 Bg7 6. e3 Nf6 7. Be2 O-O 8.
O-O Re8 9. b3 d6 10. Nxc6 bxc6 11. Bb2 Bd7 12. Bf3 h5 13. Qd2 Ng4 14. g3 Qf6
15. Bg2 h4 16. Rab1 hxg3 17. hxg3 Qg5 18. Rfe1 Qh5 19. f3 Qh2+ 20. Kf1 Ne5 21.
Kf2 Bh3 22. Rg1 f5 23. Ne2 g5 24. Bxe5 dxe5 25. Rbd1 f4 26. exf4 exf4 27. gxf4
Rxe2+ 28. Qxe2 gxf4 29. Kf1 Rf8 30. Bxh3 Qxh3+ 31. Qg2 Qxg2+ 32. Rxg2 Rf7 33.
Rg6 c5 34. Rd5 Kh7 35. Ra6 Bd4 36. Rxa7 Rg7 37. Rxd4 cxd4 38. Ra5 Rg3 39. Kf2
Rh3 40. Ke2 d3+ 41. Kxd3 Rxf3+ 42. Ke4 Rf2 43. Rf5 Rxa2 44. Rxf4 1-0

[Event "Lublin"]
[Site "Lublin"]
[Date "2011.??.??"]
[Round "2.9"]
[White "Maik, Marcin"]
[Black "Sawicki, Wojciech"]
[Result "0-1"]
[WhiteElo "1583"]
[BlackElo "1762"]
[PlyCount "68"]
[EventDate "2011.??.??"]

1. d4 Nf6 2. c4 g6 3. Nc3 Bg7 4. e4 d6 5. Be2 O-O 6. Nf3 e5 7. d5 a5 8. O-O Na6
9. h3 Nc5 10. Qc2 Bd7 11. Be3 b6 12. Nd2 Ne8 13. Rab1 f5 14. f3 f4 15. Bf2 Nf6
16. Nb5 g5 17. Bxc5 dxc5 18. Nc3 h5 19. Bd3 g4 20. hxg4 hxg4 21. Kf2 Nh5 22.
Rh1 Ng3 23. Rh2 Nf5 24. Rhh1 Ne3 25. Qc1 Qg5 26. Qg1 Kf7 27. Nd1 Rh8 28. Ke2
Rxh1 29. Qxh1 Rh8 30. Qg1 Nxg2 31. Qxg2 gxf3+ 32. Kxf3 Rh3+ 33. Kf2 Qh4+ 34.
Kf1 Rh1+ 0-1

[Event "Lublin"]
[Site "Lublin"]
[Date "2011.??.??"]
[Round "2.10"]
[White "Krasowski, Piotr"]
[Black "Golawski, Hubert"]
[Result "1-0"]
[WhiteElo "1758"]
[BlackElo "1674"]
[PlyCount "153"]
[EventDate "2011.??.??"]

1. e4 e5 2. Nf3 Nc6 3. Bc4 Bc5 4. d3 h6 5. Be3 Bb6 6. Nc3 Nf6 7. Qd2 d6 8. a3
Bg4 9. Nd5 Bxe3 10. fxe3 Be6 11. O-O O-O 12. Nxf6+ Qxf6 13. Nd4 Qe7 14. Nf5
Bxf5 15. exf5 Qg5 16. Qe1 Rad8 17. e4 Nd4 18. Rc1 Qxc1 19. Qxc1 Ne2+ 20. Kf2
Nxc1 21. Rxc1 c6 22. Ke3 d5 23. exd5 cxd5 24. Bb3 g6 25. f6 Rfe8 26. c4 d4+ 27.
Ke4 Rd6 28. Rf1 Rb6 29. Ba4 Ree6 30. b4 Ra6 31. Bd7 Red6 32. Bh3 Rxa3 33. Kxe5
Rd8 34. Rd1 Ra2 35. b5 Re2+ 36. Kf4 Rd6 37. Bg4 Rxf6+ 38. Kg3 Re3+ 39. Bf3 a6
40. bxa6 Rxa6 41. Rb1 b6 42. Rb3 Kg7 43. Kf4 Kf6 44. Bb7 Ra5 45. Rxb6+ Re6 46.
Rxe6+ fxe6 47. Ke4 e5 48. h3 Ke6 49. Bd5+ Kf6 50. Kf3 Rc5 51. Be4 g5 52. Kg4
Rc8 53. Kh5 Kg7 54. Kg4 Rf8 55. Kg3 h5 56. c5 Kf6 57. h4 Rg8 58. hxg5+ Kxg5 59.
Bd5 Rg7 60. Kf3 Kf5 61. Ke2 Kf4 62. Kd2 Rd7 63. Be4 h4 64. Kc2 Kg5 65. Kb3 Kf6
66. Kc4 Ke6 67. c6 Rc7 68. Kc5 Rc8 69. Bf3 Rc7 70. Bd5+ Ke7 71. Be4 Ke6 72. Bf3
Rg7 73. Bd5+ Ke7 74. c7 Kd7 75. Kb6 Rg6+ 76. Kb7 Kd6 77. c8=Q 1-0

[Event "Lublin"]
[Site "Lublin"]
[Date "2011.??.??"]
[Round "2.11"]
[White "Paluch, Andrzej"]
[Black "Chlewinski, Artur"]
[Result "1-0"]
[WhiteElo "1534"]
[BlackElo "1735"]
[PlyCount "35"]
[EventDate "2011.??.??"]

1. c4 e5 2. g3 f5 3. Nf3 d6 4. d4 e4 5. Nfd2 Nf6 6. Nc3 Nc6 7. d5 Ne7 8. Bg2
Bd7 9. Nb3 Ng6 10. Qc2 Be7 11. O-O a6 12. Nd4 c6 13. dxc6 bxc6 14. Bh3 Qc8 15.
Nd1 c5 16. Nb3 Ne5 17. Ne3 O-O 18. Nd2 1-0

[Event "Lublin"]
[Site "Lublin"]
[Date "2011.??.??"]
[Round "3.1"]
[White "Dymek, Lukasz"]
[Black "Stoma, Pawel"]
[Result "0-1"]
[WhiteElo "2095"]
[BlackElo "2316"]
[PlyCount "82"]
[EventDate "2011.??.??"]

1. e4 c5 2. Nc3 Nc6 3. f4 g6 4. Nf3 Bg7 5. a4 d6 6. Bb5 Bd7 7. O-O Nf6 8. d3
O-O 9. h3 Nd4 10. Bc4 a6 11. Nxd4 cxd4 12. Ne2 d5 13. exd5 b5 14. Ba2 bxa4 15.
Nxd4 Nxd5 16. Bxd5 Bxd4+ 17. Kh2 Rb8 18. c3 Bg7 19. Bc4 Qb6 20. Qe2 Bc6 21. f5
Qb7 22. Qg4 Bb5 23. fxg6 hxg6 24. Rf2 Qb6 25. Qf3 Bxc4 26. dxc4 Qc7+ 27. Qg3
Qxc4 28. Rf4 Qe2 29. Qf3 Qe5 30. g3 Rfd8 31. Qg2 Rd1 32. Rf1 Rxf1 33. Qxf1 Bh6
34. Qf2 a3 35. Bxh6 Rxb2 36. Bd2 Qg5 37. Kg1 Rxd2 38. Qf1 Qc5+ 39. Kh1 Qc6+ 40.
Kg1 Qxc3 41. Qe1 Qd4+ 0-1

[Event "Lublin"]
[Site "Lublin"]
[Date "2011.??.??"]
[Round "3.2"]
[White "Pawelec, Bartosz"]
[Black "Chwalewski, Marek"]
[Result "1/2-1/2"]
[WhiteElo "2074"]
[BlackElo "1931"]
[PlyCount "53"]
[EventDate "2011.??.??"]

1. e4 c6 2. d4 g6 3. h4 h5 4. Nc3 d5 5. Bf4 Bg7 6. Nf3 Bg4 7. exd5 cxd5 8. Nb5
Na6 9. Qe2 Kf8 10. c3 Nf6 11. Qe3 Bd7 12. Ng5 Qb6 13. a4 Re8 14. a5 Qd8 15. Qg3
Ng4 16. Be3 Bc6 17. Bd3 e5 18. O-O f5 19. dxe5 Nxe3 20. Qxe3 Bxe5 21. f4 d4 22.
Nxd4 Bxd4 23. Qxd4 Qxd4+ 24. cxd4 Nb4 25. Bc4 Nc2 26. Ne6+ Ke7 27. Rac1 1/2-1/2

[Event "Lublin"]
[Site "Lublin"]
[Date "2011.??.??"]
[Round "3.4"]
[White "Czerw, Dawid"]
[Black "Wojcieszyn, Zdzislaw"]
[Result "1-0"]
[WhiteElo "1837"]
[BlackElo "1983"]
[PlyCount "107"]
[EventDate "2011.??.??"]

1. d4 d5 2. c4 c6 3. Nf3 Nf6 4. Nc3 e6 5. Bg5 Nbd7 6. e3 Bb4 7. cxd5 exd5 8.
Bd3 Qa5 9. Qc2 O-O 10. O-O Re8 11. Nd2 Bd6 12. Bh4 Qc7 13. Bg3 Bxg3 14. hxg3
Qd6 15. Rab1 Nf8 16. Nf3 Ng6 17. b4 a6 18. a4 Bd7 19. Rfc1 Rec8 20. Nd2 b6 21.
Nb3 Rcb8 22. a5 b5 23. Nc5 Be8 24. Na2 Rc8 25. Re1 Rc7 26. Nc1 Re7 27. Bf5 Nf8
28. Ne2 g6 29. Bd3 Ne6 30. Qc3 Ng5 31. Nc1 Nge4 32. Bxe4 dxe4 33. Ne2 Nd5 34.
Qc2 f5 35. Nc3 Nf6 36. Rec1 Bf7 37. Nd1 Bc4 38. Nb2 Bd5 39. Nd1 Ng4 40. Nc3 Bc4
41. N3a4 Bd3 42. Nxd3 exd3 43. Qa2+ Kg7 44. Nc5 g5 45. Nxd3 Nxe3 46. fxe3 Rxe3
47. Ne5 Qxd4 48. Qf7+ Kh8 49. Qf6+ Kg8 50. Qxg5+ Kf8 51. Qxf5+ Kg7 52. Qg5+ Kf8
53. Rf1+ Ke8 54. Qg8+ 1-0

[Event "Lublin"]
[Site "Lublin"]
[Date "2011.??.??"]
[Round "3.6"]
[White "Krzyzanowski, Wojciech"]
[Black "Paluch, Andrzej"]
[Result "1-0"]
[WhiteElo "1980"]
[BlackElo "1534"]
[PlyCount "81"]
[EventDate "2011.??.??"]

1. d4 Nf6 2. c4 e6 3. Nf3 Bb4+ 4. Nbd2 O-O 5. g3 c5 6. Bg2 Nc6 7. dxc5 Bxc5 8.
O-O d6 9. a3 a6 10. b4 Bb6 11. Bb2 e5 12. Qc2 Be6 13. Ng5 h6 14. Nxe6 fxe6 15.
c5 dxc5 16. bxc5 Bc7 17. Nc4 Nd5 18. Rad1 Nd4 19. Bxd4 exd4 20. Rxd4 Qf6 21.
Rxd5 exd5 22. Bxd5+ Kh8 23. Bxb7 Rad8 24. Bf3 Qd4 25. Ne3 Be5 26. c6 Rc8 27.
Nf5 Qd8 28. Nh4 Rxf3 29. exf3 Bf6 30. Ng6+ Kg8 31. Nf4 Qd6 32. Qc4+ Kh7 33. Rc1
Qxa3 34. Qe4+ Kh8 35. Ng6+ Kg8 36. Rc4 Qd6 37. h4 Kf7 38. h5 Qd1+ 39. Kg2 Re8
40. Qxe8+ Kxe8 41. c7 1-0

[Event "Lublin"]
[Site "Lublin"]
[Date "2011.??.??"]
[Round "3.8"]
[White "Bien, Janusz"]
[Black "Wesolowska, Katarzyna"]
[Result "1-0"]
[WhiteElo "1977"]
[BlackElo "1724"]
[PlyCount "49"]
[EventDate "2011.??.??"]

1. e4 e6 2. d4 d5 3. e5 c5 4. c3 Nc6 5. Nf3 Qb6 6. Bd3 cxd4 7. cxd4 Bd7 8. Nc3
Nxd4 9. Nxd4 Qxd4 10. O-O Qxe5 11. Re1 Qd6 12. Nb5 Qb6 13. Be3 Bc5 14. Bxc5
Qxc5 15. Rc1 Qb4 16. Nc7+ Kd8 17. Nxa8 Bc6 18. Qe2 Qd6 19. b4 Qxb4 20. Qe5 Qe7
21. Qb8+ Kd7 22. Bb5 Qd6 23. Qxb7+ Kd8 24. Rxc6 Qd7 25. Qb8+ 1-0

[Event "Lublin"]
[Site "Lublin"]
[Date "2011.??.??"]
[Round "3.9"]
[White "Gorecki, Jaroslaw"]
[Black "Krasowski, Piotr"]
[Result "0-1"]
[WhiteElo "1568"]
[BlackElo "1758"]
[PlyCount "60"]
[EventDate "2011.??.??"]

1. e4 e5 2. f4 d5 3. exd5 e4 4. Bb5+ c6 5. dxc6 Nxc6 6. Qe2 Nf6 7. d3 Qa5+ 8.
Nc3 Bb4 9. Bxc6+ bxc6 10. Bd2 Bg4 11. Qe3 O-O 12. d4 c5 13. Nge2 Bxe2 14. Nxe2
Nd5 15. Bxb4 Nxb4 16. Kd1 cxd4 17. Nxd4 Rad8 18. c3 Nd5 19. Qc1 Qa4+ 20. Ke1 e3
21. Rf1 Qc4 22. Qc2 Rfe8 23. Qe2 Qc7 24. g3 Nxc3 25. Qc2 Rxd4 26. Qxc3 Qd7 27.
Rf3 e2 28. Kf2 Rd1 29. b3 e1=Q+ 30. Qxe1 Rexe1 0-1

[Event "Lublin"]
[Site "Lublin"]
[Date "2011.??.??"]
[Round "3.11"]
[White "Havryshkevich, Anna-maria"]
[Black "Chlewinski, Artur"]
[Result "1-0"]
[WhiteElo "1614"]
[BlackElo "1735"]
[PlyCount "49"]
[EventDate "2011.??.??"]

1. d4 d5 2. c4 c6 3. Nc3 Nf6 4. Nf3 Bf5 5. Bg5 Nbd7 6. e3 e6 7. Be2 Qc7 8. O-O
b6 9. Bf4 Bd6 10. Bg3 h5 11. cxd5 exd5 12. Bd3 Ne4 13. Bxd6 Qxd6 14. Nh4 Nxc3
15. Nxf5 Nxd1 16. Nxd6+ Ke7 17. Nf5+ Kf6 18. Rfxd1 h4 19. g3 h3 20. Nh4 g6 21.
Nf3 g5 22. Rac1 c5 23. dxc5 Nxc5 24. b4 Nd7 25. Rc7 1-0

[Event "Lublin"]
[Site "Lublin"]
[Date "2011.??.??"]
[Round "3.12"]
[White "Golawski, Hubert"]
[Black "Maik, Marcin"]
[Result "1-0"]
[WhiteElo "1674"]
[BlackElo "1583"]
[PlyCount "52"]
[EventDate "2011.??.??"]

1. e4 c5 2. Nf3 d6 3. c3 Nc6 4. d4 cxd4 5. Nxd4 Nf6 6. f3 e6 7. Bd3 a6 8. O-O
Qb6 9. Qb3 Qxb3 10. Nxb3 d5 11. exd5 Nxd5 12. Re1 Nf6 13. N1d2 b5 14. Ne4 Nd5
15. Nec5 Bd6 16. Be4 Nce7 17. Bg5 Ra7 18. Rad1 Rc7 19. Bxd5 Bxc5+ 20. Nxc5 Nxd5
21. Rxd5 O-O 22. Rdd1 Rxc5 23. Be7 Rd5 24. Bxf8 Kxf8 25. Rxd5 exd5 26. Kf2 f6
1-0

[Event "Lublin"]
[Site "Lublin"]
[Date "2011.??.??"]
[Round "3.5"]
[White "Praszak, Michal"]
[Black "Rastropin, Yuriy"]
[Result "1/2-1/2"]
[WhiteElo "2170"]
[BlackElo "1624"]
[PlyCount "77"]
[EventDate "2011.??.??"]

1. d4 d5 2. c4 dxc4 3. Nf3 Nf6 4. e3 e6 5. Bxc4 a6 6. a4 Be7 7. O-O O-O 8. Qe2
b6 9. Nc3 Bb7 10. e4 c5 11. d5 exd5 12. exd5 Bd6 13. Bg5 Nbd7 14. Rad1 Re8 15.
Qd3 h6 16. Bh4 Qc7 17. Bg3 Ng4 18. Qf5 Nge5 19. Nxe5 Nxe5 20. Ba2 Bc8 21. Qc2
g6 22. Qd2 Kg7 23. Ne4 Bf5 24. Nxd6 Qxd6 25. Rfe1 Qf6 26. h3 Nd3 27. Re3 Nxb2
28. Rde1 Rxe3 29. Rxe3 Nd3 30. Bc4 Qa1+ 31. Kh2 Qc1 32. Rxd3 Qxc4 33. Qb2+ Kg8
34. Rd2 b5 35. Qf6 Re8 36. Be5 Rxe5 37. Qxe5 Qxa4 38. Re2 b4 39. Qb8+ 1/2-1/2

[Event "Lublin"]
[Site "Lublin"]
[Date "2011.??.??"]
[Round "4.1"]
[White "Stoma, Pawel"]
[Black "Lipski, Tadeusz"]
[Result "1-0"]
[WhiteElo "2316"]
[BlackElo "2039"]
[PlyCount "53"]
[EventDate "2011.??.??"]

1. e4 g6 2. d4 Bg7 3. Nc3 d5 4. exd5 Nf6 5. Bc4 O-O 6. Nge2 Nbd7 7. Bb3 Nb6 8.
Nf4 a5 9. a4 Kh8 10. h3 Bf5 11. g4 Bd7 12. Be3 Ne8 13. h4 Qc8 14. f3 h6 15. Nd3
Kh7 16. h5 g5 17. Ne5 Nd6 18. Qd3+ Kg8 19. O-O-O Be8 20. f4 f6 21. fxg5 fxg5
22. Rdf1 Nd7 23. Ne4 Nxe5 24. dxe5 Bxe5 25. Nf2 Bf7 26. c4 b6 27. Bc2 1-0